| 000 | 00587cam a2200181 4500500 | ||
|---|---|---|---|
| 005 | 20260405001815.0 | ||
| 041 | _afre | ||
| 042 | _adc | ||
| 100 | 1 | 0 |
_aPortevin, Catherine _eauthor |
| 700 | 1 | 0 |
_aPortevin, Catherine _eauthor |
| 245 | 0 | 0 | _aPhilosophie de Don Quichotte-le Reel N’a Pas Lieu |
| 260 | _c2014. | ||
| 500 | _a21 | ||
| 690 | _aDon Quichotte | ||
| 690 | _aMichel Onfray | ||
| 786 | 0 | _nPhilosophie magazine | 81 | 7 | 2014-07-01 | p. 71-71 | 1951-1787 | |
| 856 | 4 | 1 | _uhttps://shs.cairn.info/magazine-philosophie-magazine-2014-7-page-71?lang=fr&redirect-ssocas=7080 |
| 999 |
_c2051278 _d2051278 |
||